000 00290nam a22001217a 4500
008 180115b xxu||||| |||| 00| 0 eng d
041 _aeng
080 _a54
100 _a12
101 _aKIM
245 _a GAS CHOMATOGRAPHY WITH GLASS CAPILLARY COLUMNS
_cWALTER.J
942 _2udc
_cBK
999 _c40281
_d40281